| 000 | 00638nam a22001337a 4500 | ||
|---|---|---|---|
| 040 | _cRUA | ||
| 082 | _aAGR THE 2012 B051Or.1 | ||
| 100 | _aTHEANG, VEASNA. | ||
| 245 | _aStudy on occurrence of rice parasitic nemathode in tramkok district takeo province ការសិក្សាវត្ដមានណេម៉ាតូតបំផ្លាញដំណាំស្រូវនៅស្រុកត្រាំកក់ ខេត្តតាកែវ | ||
| 260 |
_aPhnom Penh _bRUA _c2012 |
||
| 300 |
_aix; 43p. _bill. _c29cm. |
||
| 856 | _uhttps://drive.google.com/file/d/1r_ns0gRfcgCLddjBoK8nS0imzMiPmyMe/view?usp=sharing | ||
| 942 | _cAGR | ||
| 999 |
_c1173 _d1173 |
||